Statystyki dla Największe wyspy świata (Kolega Ignacy)

Kliknij tutaj aby rozwiązać quiz!

Ogólne statystyki

  • Ten quiz został rozwiązany 917 razy
  • Średni wynik to 6 z 15

Statystyki odpowiedzi

Przynależność PaństwowaPowierzchnia (km2)Nazwa% Poprawnych
Dania2 130 800Grenlandia
98%
-587 713Madagaskar
63%
Brunei, Indonezja i Malezja748 168Borneo
54%
Indonezja138 794Jawa
48%
-209 331Wielka Brytania
47%
-145 836Nowa Zelandia
46%
-111 583Nowa Zelandia
46%
Japonia225 800Honsiu
43%
Indonezja443 066Sumatra
42%
Indonezja i Papua-Nowa Gwinea785 753Nowa Gwinea
39%
Indonezja180 681Celebes
19%
Filipiny109 95Luzon
15%
Kanada217 291Wyspa Wiktorii
13%
Kanada507 451Ziema Baffina
8%
Kanada196 236Wyspa Ellesmere
4%

Rozkład punktacji

Percentyl według liczby udzielonych odpowiedzi

Procent ludzi z każdym wynikiem

Twoja historia wyników

Nie rozwiązałeś tego quizu